| 000 | 00461nam a2200157Ia 4500 | ||
|---|---|---|---|
| 008 | 210716s2012 xx 000 0 und d | ||
| 020 | _a9788120344303 | ||
| 041 | _aeng | ||
| 082 | _a658.312404 PRAK | ||
| 100 | _aPrasad, Kesho. | ||
| 245 |
_aStrategic human resource development: concepts and practices. _bConcepts and practices. |
||
| 250 | _a1 | ||
| 260 |
_aNew Delhi _bPHI Learning private limited. _c2012 |
||
| 300 | _axvi,408 | ||
| 650 | _aStrategic HRM | ||
| 999 |
_c208207 _d208207 |
||